Introduction to logic /
Guardado en:
| Autor Principal: | |
|---|---|
| Otros Autores: | |
| Formato: | Libro |
| Idioma: | English |
| Publicado: |
New York :
D. Van Nostrand,
c1980.
|
| Materias: | |
| Etiquetas: |
Agregar Etiqueta
Sin Etiquetas, Sea el primero en etiquetar este registro!
|
| LEADER | 00832nam a2200217 a 4500 | ||
|---|---|---|---|
| 001 | MAT.inmabb003305 | ||
| 008 | 800602s1980####nyu###########001#0#eng## | ||
| 005 | 20130312123249.0 | ||
| 245 | 1 | 0 | |a Introduction to logic / |c Dennis J. Packard, James E. Faulconer. |
| 260 | |a New York : |b D. Van Nostrand, |c c1980. | ||
| 300 | |a xiii, 417 p. ; |c 24 cm. | ||
| 500 | |a Answers to selected exercises: p. 292-413. | ||
| 505 | 0 | |a 1. Informal logic -- 2. Truth-functional logic -- 3. Monadic logic -- 4. Quantificational logic -- 5. Quantificational logic with identity and operations -- 6. Definitions. | |
| 020 | |a 0442257813 | ||
| 100 | 1 | |a Packard, Dennis J. | |
| 700 | 1 | |a Faulconer, James E. | |
| 650 | 0 | |a Logic. | |
| 084 | |a 03-01 (03B05 03B10) |2 msc2000 | ||
| 010 | |a 79064449 | ||
| 040 | |a DLC |c DLC |d DLC | ||
| 859 | |h 03 |i P119 |p A-7130 |b BIB. MATEMATICA | ||
